[Event "Russia vs China (Women's Blitz)"]
[Site "Sochi RUS"]
[Date "2009.08.23"]
[EventDate "2009.08.23"]
[Round "6"]
[Result "1-0"]
[White "Elena Tairova"]
[Black "Huang Qian"]
[WhiteElo "2450"]
[BlackElo "2424"]
[PlyCount "59"]

1. e4 d5 2. exd5 Qxd5 3. Nc3 Qd6 4. d4 c6 5. Nf3 Nf6 6. Ne5
Bf5 7. Bf4 Nd5 8. Nxd5 Qxd5 9. Qd2 Nd7 10. Nxd7 Qxd7 11. Bc4
e6 12. O-O-O Bd6 13. Be3 O-O 14. f3 b5 15. Be2 Qc7 16. g4 Bg6
17. h4 h5 18. Rhg1 Rfd8 19. Bd3 Bxd3 20. Qxd3 c5 21. gxh5 Bf4
22. Qe4 Bxe3+ 23. Qxe3 cxd4 24. Rxd4 Rac8 25. Rxd8+ Rxd8
26. Qg5 f5 27. h6 Rd7 28. Qg6 Rf7 29. Qxe6 Kf8 30. h7 1-0

[Event "Russia vs China (Women's Blitz)"]
[Site "Sochi RUS"]
[Date "2009.08.23"]
[EventDate "2009.08.23"]
[Round "8"]
[Result "1/2-1/2"]
[White "Elena Tairova"]
[Black "Zhao Xue"]
[WhiteElo "2450"]
[BlackElo "2544"]
[PlyCount "131"]

1. e4 Nf6 2. e5 Nd5 3. d4 d6 4. Nf3 dxe5 5. Nxe5 c6 6. Be2 Bf5
7. O-O Nd7 8. Nf3 Bg4 9. h3 Bh5 10. c4 N5f6 11. Nc3 e6 12. Bf4
Be7 13. Qd2 O-O 14. Rad1 Bg6 15. Qc1 Ne4 16. Ne5 Nxc3 17. Qxc3
Nxe5 18. dxe5 Qc7 19. Qg3 Rad8 20. h4 Rxd1 21. Rxd1 Rd8
22. Re1 Qa5 23. Rc1 h5 24. a3 Rd7 25. Qh3 Qd8 26. Qe3 b6
27. g3 Bc5 28. Qf3 Rd4 29. b4 Be7 30. Rd1 Rxd1+ 31. Bxd1 Qd3
32. Qxd3 Bxd3 33. Bxh5 Bxc4 34. Bf3 c5 35. Bd2 Kf8 36. Bc6 b5
37. f3 cxb4 38. axb4 f6 39. exf6 Bxf6 40. Be3 Bc3 41. Bc5+ Kf7
42. Kf2 a5 43. bxa5 Bxa5 44. Ke3 Kf6 45. Bd4+ e5 46. Bb2 Bb6+
47. Ke4 Kf7 48. Bxe5 b4 49. Bd5+ Bxd5+ 50. Kxd5 b3 51. Kc4 Bc7
52. Bb2 Bxg3 53. h5 Bh4 54. Kxb3 Bf6 55. Bc1 Ke6 56. Kc4 Kf5
57. Kd5 Bg5 58. Bb2 Bf6 59. Bc1 Bg5 60. Bb2 g6 61. hxg6 Kxg6
62. Ke6 Bf4 63. Be5 Be3 64. Kd5 Kf5 65. Bd6 Bf4 66. Bxf4
1/2-1/2

[Event "Russia vs China (Women's Blitz)"]
[Site "Sochi RUS"]
[Date "2009.08.23"]
[EventDate "2009.08.23"]
[Round "10"]
[Result "1-0"]
[White "Ju Wenjun"]
[Black "Elena Tairova"]
[WhiteElo "2443"]
[BlackElo "2450"]
[PlyCount "53"]

1. Nf3 d5 2. g3 Nf6 3. Bg2 Bf5 4. O-O e6 5. d3 Nbd7 6. b3 Bd6
7. Bb2 h6 8. Nbd2 O-O 9. c4 Bh7 10. Qc2 c6 11. e4 dxe4
12. Nxe4 Nxe4 13. dxe4 e5 14. Rad1 Bc7 15. Nxe5 Bxe5 16. Bxe5
Qc8 17. Bh3 f5 18. Bd6 Rf7 19. exf5 Nf6 20. Rfe1 b6 21. Re7
Qa6 22. Rxf7 Kxf7 23. Be5 Qb7 24. Bxf6 Kxf6 25. Qc3+ Kf7
26. f6 Kg8 27. Rd7 1-0